000 01046nam a2200277 c 4500
001 000030443
003 RuMoIPM
005 20260429123801.0
008 230210s1979 ru ||||||| |||| ||rus d
035 _a(RuMoBEN) 001961640
035 _a(ELAR retro) [2022] 000031777
040 _aRuMoBEN
_brus
_ercr
041 0 _arus
044 _aru
080 _a510.22(081)
080 _a510.6(081)
080 _a512.5(081)
100 1 _aНовиков, Петр Сергеевич
245 1 0 _aИзбранные труды
_bТеория множеств и функций. Математическая логика и алгебра
_cП. С. Новиков
260 _aМосква
_bНаука
_c1979
300 _a396 с., [1] л. портр.
_bчерт.
500 _aВ надзаг.: АН СССР, Отд-ние математики, Мат. ин-т им. В.А. Стеклова
504 _aСписок печ. работ П.С. Новикова: с. 10-12
504 _aБиблиогр. в конце ст.
942 _cBK
999 _c30443
_d30443